| 000 | 00707nam a2200241Ia 4500 | ||
|---|---|---|---|
| 003 | OSt | ||
| 005 | 20221005114204.0 | ||
| 006 | a|||||r|||| 00| 0 | ||
| 007 | ta | ||
| 008 | 221004b |||||||| |||| 00| 0 eng d | ||
| 024 | _a65088 | ||
| 037 | _cTextual | ||
| 040 |
_aCRL _cCRL _beng |
||
| 041 |
_2eng _aeng |
||
| 082 | _aX:271s1:N48, J0 | ||
| 100 |
_aBrown Frederick Ed. _9625583 |
||
| 245 | 0 | _aAnnual statistics for 1946-48 and some additional and revised data on resources | |
| 260 | _c1950 | ||
| 490 | _aStatistical yearbook of the world power conference , 5. | ||
| 650 | _aECONOMICS | ||
| 942 |
_hX:271s1:N48, J0 _cTEXL _2cc |
||
| 999 |
_c1030594 _d1030594 |
||